000 00587nam a2200229Ia 4500
003 GCL
008 140319s9999 xx 000 0 eng d
040 _aGCL /
_cGCL
082 0 4 _a616.994061
_bF C
100 1 _aKNOLF, M. TCIH
245 1 0 _aThe Cancer Chemotherapy : handbook /
_cKNOLF, M. TCIH
700 1 _aFISHER, DAVID S.
700 1 _aDURIVYE, HENRY J.
260 _a[S.N] :
_bMOSBY ،
_c1993
300 _a527.P
650 0 4 _aCANCER
650 0 4 _aتقوية الذاكرة
650 0 4 _aMANUALS
650 0 4 _aCHEMETHERPY
650 0 4 _aANTINLOPLSTIC
942 _2ddc
_cBK
999 _c17025
_d17025